| 000 | 00464nam a2200193Ia 4500 | ||
|---|---|---|---|
| 001 | 13846 | ||
| 003 | GE_BSU | ||
| 008 | 181216s||||||||xx |||||||||||||| ||und|| | ||
| 020 | _a100715332848 | ||
| 040 | _cGE_BSU | ||
| 080 | _a821.111-3 | ||
| 100 | _aBinney,Ruth. | ||
| 245 | _aWise words & country ways for house and home. | ||
| 260 | _c2009 | ||
| 300 | _a208p;21cm. | ||
| 300 | _bill. | ||
| 653 | _aWise words & country ways for house and home. | ||
| 942 | _cBK | ||
| 999 |
_c46992 _d46992 |
||